Das Geschenk der Totems Indianmärchen

Bibliographic Details
Main Author: Hulpach, Vladimír, 1935- (Author)
Other Authors: Švorčíková, Eva, 1911-2002 (Translator), Kondrková, I. (Author of afterword, colophon, etc.), Troup, Miloslav, 1917-1993 (Illustrator)
Format: Book
Language:German
Czech
Published: Prag Artia 1972

MARC

LEADER 00000nam a2200000 a 4500
001 vtls010686958
003 SK-MaSNL
005 20260302051715.0
008 240315s1972 xr a j 000 f ger
015 |a SNBA1972 
040 |a SNK  |b slo  |c SNK  |e AACR2 
041 1 |a ger  |h cze 
044 |a xr  |c CZ 
100 1 |a Hulpach, Vladimír,  |d 1935-  |4 aut  |9 100259 
245 1 4 |a Das Geschenk der Totems  |b Indianmärchen  |c erzähl von V. Hulpach ; Deutsch [z čes. orig. Kouzelné šípy] von Eva Švorčíková ; Nachwort übertragen von I. Kondrková ; [barev.] illustriert von Miloslav Troup 
260 |a Prag  |b Artia  |c 1972  |e Bratislava  |f t. PZ [Polygrafické závody] 
300 |a 220, [2] s. 
500 |a Il. tit.list. Barev il. předsádky 
700 1 |a Švorčíková, Eva,  |d 1911-2002  |4 trl  |9 83520 
700 1 |a Kondrková, I.  |4 aft  |9 476734 
700 1 |a Troup, Miloslav,  |d 1917-1993  |4 ill  |9 211377 
958 |a OND 
999 |c 1102221  |d 1104151 
952 |a SNK  |b SNK  |y PREZ  |7 0  |p 17A0897671  |o snkSB 18989  |i snkKIP 1341/73  |0 0  |1 0  |4 0  |d 2015-06-18  |l 0  |r 2025-03-20 00:00:00  |w 2026-02-24 
952 |a SNK  |b SNK  |y VYP  |7 0  |o snkSB 18989 D1  |i snkKIP 1342/73  |0 0  |1 0  |4 0  |d 2015-06-18  |l 0  |r 2026-02-24 17:34:39  |w 2026-02-24